000 00829 a2200277 4500
003 CBULib
005 20250929103605.0
008 250929b |||||||| |||| 00| 0 eng d
020 _a9781473967014
040 _bEnglish
_cCBULib
_erda
041 _aeng
050 _aQ 180.55 Doi
100 _aBoland, Angela
245 _aDoing a systematic review : a student's guide
_c/ edited by Angela Boland; M.Gemma Cherry and Rumona Dickson
250 _aSecond edition.
260 _bSAGE,
_c2017
_aLondon :
300 _a275 pages : illustrations
336 _2rdacontent
_aText |
_btxt
337 _2rdamedia
_aUnmediated |
_bn
338 _2rdacarrier
_aVolume
_bnc
650 0 _91158
_aMEDICINE
650 0 _92879
_aRESEARCH
700 _94889
_aCherry, M. Gemma
700 _94891
_aDickson, Rumona
942 _2lcc
_c002
999 _c86399
_d86399